Quiz Départements Normandie - Statistiques

Statistiques générales
  • Ce quiz a été pris 92 fois
  • Le résultat moyen est 3 sur 5
Statistiques - réponses
Question Réponse % Correct
Maison d'un peintre Français à Giverny dans l'Eure Claude Monet
92%
Chêne se trouvant dans le département de l'Orne Chêne Hippolyte
75%
Ville de Naissance en Seine-Maritime de Studio Danielle, Jérôme le Banner, Laurent Ruquier, Luq Hamet ect... Le Havre
67%
Symbole de la ville de Deauville dans le Calvados les Parasols
50%
Quel phare ne se trouve pas dans le département de la Manche Phare de l'île Vierge
42%
Aucun quiz correspondant
Distribution des résultats
% des personnes avec chaque résultat
Percentile par nombre de réponses
Votre historique - résultats
Vous n’avez pas pris ce quiz